| 000 | 00513nam a22001817a 4500 | ||
|---|---|---|---|
| 003 | CEME | ||
| 005 | 20210628201735.0 | ||
| 008 | 210204b xxu||||| |||| 00| 0 eng d | ||
| 020 | _a1-58053-681-6 | ||
| 040 | _c. | ||
| 082 | _a621.3848 BAT | ||
| 100 |
_aBarton, David.K _956609 |
||
| 245 | _aRadar system analysis and modeling | ||
| 260 |
_aBOSTON _bARTECH HOUSE _c2005 |
||
| 300 | _aXVIII,545P | ||
| 650 |
_aRADAR DESIGN, RADAR EVALUATION, SYSTEM ANALYSIS.RADAR-MATHEMATICAL MODEL _956610 |
||
| 942 |
_cBK _2ddc |
||
| 999 |
_c566987 _d566987 |
||